Länder mit parlamentarischem Regierungssystem - Statistiken

Allgemein
  • Dieses Quiz wurde 4 mal gespielt
  • Das Durchschnittsergebnis liegt bei 30 aus 73
Antwortstatistiken
Land % Korrekt
Deutschland
100%
Äthiopien
50%
Australien
50%
Bahamas
50%
Bangladesch
50%
Barbados
50%
Belgien
50%
Bosnien und Herzegowina
50%
Bulgarien
50%
Estland
50%
Fidschi
50%
Finnland
50%
Grenada
50%
Griechenland
50%
Indien
50%
Irak
50%
Irland
50%
Island
50%
Italien
50%
Jamaika
50%
Japan
50%
Kiribati
50%
Kosovo
50%
Kroatien
50%
Lettland
50%
Luxemburg
50%
Malta
50%
Mikronesien
50%
Montenegro
50%
Neuseeland
50%
Niederlande
50%
Nordmazedonien
50%
Norwegen
50%
Papua-Neuguinea
50%
Polen
50%
San Marino
50%
Schweden
50%
Slowenien
50%
Spanien
50%
St. Kitts und Nevis
50%
St. Lucia
50%
St. Vincent und die Grenadinen
50%
Suriname
50%
Trinidad und Tobago
50%
Tuvalu
50%
Ungarn
50%
Armenien
25%
Belize
25%
Botswana
25%
Dänemark
25%
Libanon
25%
Dominica
25%
Israel
25%
Kambodscha
25%
Kanada
25%
Kirgistan
25%
Lesotho
25%
Malaysia
25%
Mauritius
25%
Mongolei
25%
Nauru
25%
Nepal
25%
Nordkorea
25%
Pakistan
25%
Salomonen
25%
Samoa
25%
Singapur
25%
Somalia
25%
Südafrika
25%
Tschechien
25%
Vanuatu
25%
Vereinigtes Königreich
25%
Moldau
0%
Keine übereinstimmenden Quizze gefunden
Verteilung der Resultate
Anzahl Personen mit jedem Resultat
Perzentil nach korrekt beantworteten Fragen
Ihre Resultats-Entwicklung
Sie haben dieses Quiz noch nicht gespielt